| 000 | 00719cam a22002411 4500 | ||
|---|---|---|---|
| 001 | ne 64000669 | ||
| 003 | DLC | ||
| 005 | 20260227111757.0 | ||
| 008 | 890130s1963 ua 000 0 ara c | ||
| 010 | _ane 64000669 | ||
| 025 | _aPL480:UAR-3686 | ||
| 035 | _a(OCoLC)19082115 | ||
| 040 |
_aPrinceton Univ. Libr. _cWaU _dWaU _dDLC |
||
| 042 | _apremarc | ||
| 043 | _aae----- | ||
| 050 | 0 | 0 |
_aDS508.2 _b.B26 |
| 100 | 1 | _aBadawī, Maḥmūd. | |
| 245 | 1 | 0 |
_aMadīnat al-aḥlām, _cbi-qalam Maḥmūd al-Badawī. |
| 260 |
_a[al-Qāhirah, _bal-Dār al-Qawmīyah lil-Ṭibāʻah wa-al-Nashr, _c1963?] |
||
| 300 |
_a121 p. _c24 cm. |
||
| 490 | 0 | _aMin al-Sharq wa-al-Gharb | |
| 651 | 0 |
_aEast Asia _xDescription and travel. |
|
| 999 |
_c46801 _d46801 |
||